| 000 | 01028cam a2200229 4500 | ||
|---|---|---|---|
| 001 | ABS66956 | ||
| 008 | 030904n2003 000 0 eng u | ||
| 035 | _a(Sirsi) u123498 | ||
| 100 | _aTobin, A. | ||
| 245 | _aWho designed that? | ||
| 260 | _c2003 | ||
| 490 |
_aConstruction Law Bulletin _vJuly 2003, 24-26(3) |
||
| 520 | _aLooks at how the law deals with responsibility for design in construction projects. Questions how modern procurement methods, and in increasingly complex construction, have made the lines of responsibility between professional consultants and contractors less clear. Outlines the duties of consultants and design and build contractors, and emphasises that contracts or deeds of appointment should clearly set these out. | ||
| 590 | _aABS | ||
| 650 | _aPROFESSIONAL CONSULTANTS | ||
| 650 | _aBUILDING CONTRACTORS | ||
| 650 | _aProcurement-old | ||
| 650 | _aDESIGN AND BUILD PROJECTS | ||
| 650 | _aDESIGN AND BUILD CONTRACTORS | ||
| 690 | _aBUILDING AND CONSTRUCTION-PROJECTS | ||
| 942 | _n0 | ||
| 999 |
_c73356 _d73356 |
||